000 00519cam a22001697a 4500
008 180718b2007 xxu||||| |||| 00| 0 eng d
020 _a0749450916
082 _aT39 Sca79
100 _aScase, Richard
245 _aGlobal remix: the fight for competitive advantage
_cby Richard Scase
260 _aNew Delhi
_bKogan Page
_c2007
300 _a180p.
650 _aStrategic planning
650 _aConsumption
650 _aInternational business enterprises - management
650 _aGlobalization - Economic aspects
999 _c407410
_d407410